Petunjuk jalan
| Main Author: | |
|---|---|
| Format: | Book |
| Published: |
Jakarta :
Media Da'wah ,
1980
|
| Subjects: |
MARC
| LEADER | 00000cam a2200000 7i4500 | ||
|---|---|---|---|
| 001 | 0000014220 | ||
| 005 | 20050627.0 | ||
| 040 | |a INS | ||
| 090 | 0 | 0 | |a BP173.6. |b Q66 1980 |
| 100 | 1 | |a Sayid Qutb | |
| 245 | 1 | 0 | |a Petunjuk jalan |c Sayid Qutb |
| 260 | |a Jakarta : |b Media Da'wah , |c 1980 | ||
| 300 | |a ip : |b 178p ; |c 18cm. | ||
| 650 | 0 | 0 | |a Islam and state |
| 999 | |a 0000002175 |b BOOK |c Open Shelf |e Default branch | ||